Statistiques concernant Les vainqueurs de la Coupe d'Afrique des Nations de football

Cliquez ici pour prendre le quiz!

Statistiques générales

  • Ce quiz a été pris 112 fois
  • Le résultat moyen est 27 sur 31

Statistiques - réponses

Année Équipe % Correct
1990Algérie (1)
100%
1976Maroc (1)
99%
1957Égypte
98%
2010Égypte (7)
98%
2004Tunisie (1)
97%
1996Afrique du Sud (1)
97%
1984Cameroun
97%
2017Cameroun (5)
97%
2013Nigeria (3)
95%
1980Nigeria
95%
1982Ghana (4)
93%
1992Côte-d'Ivoire
93%
1963Ghana
93%
2015Côte-d'Ivoire (2)
93%
2012Zambie (1)
83%
1962Éthiopie (1)
67%
1970Soudan (1)
62%
1974Zaïre (2)
58%
1968République Démocratique du Congo
58%
1972République du Congo (1)
11%

Distribution des résultats

Percentile par nombre de réponses

% des personnes avec chaque résultat

Votre développement - résultats

Vous n’avez pas pris ce quiz